000 00686nam a22001937a 4500
008 160825b xxu||||| |||| 00| 0 eng d
020 _a9715423132
082 _22001
_aDFil 899.2111
_bP53
245 _aPhilippine folk literature:
_bthe epics (Series: Philippine folk literature series ; v. 8) /
260 _aQuezon City:
_bUP Press,
_cc2001.
300 _avii, 600 pages:
_billustrations;
_c23.5 cm.
500 _aInclude bibliography
650 0 _913721
_aEpic literature
650 0 _913722
_aPhilippine folk literature
650 0 _913723
_aFolk literature, Philippine
700 _913724
_aEugenio, Damiana L.
_eCompiler and editor
365 _b1,200.00
_cPhp.
942 _2ddc
_cDFIL
999 _c4149
_d4149